Legislación de Enseñanza Media y Profesional (Record no. 90313)

MARC details
000 -LEADER
campo de control de longitud fija 00517nam a2200133 i 4500
001 - NÚMERO DE CONTROL
campo de control 90313
003 - IDENTIFICADOR DE NÚMERO DE CONTROL
campo de control ES-MaACL
007 - CAMPO FIJO DE DESCRIPCIÓN FÍSICA--INFORMACIÓN GENERAL
campo de control de longitud fija t|
008 - DATOS DE LONGITUD FIJA--INFORMACIÓN GENERAL
campo de control de longitud fija 050119s1954 sp ||||1| spa d
245 00 - MENCIÓN DEL TÍTULO
Título Legislación de Enseñanza Media y Profesional
Resto del título : ordenada por materias y precedida de una breve Antología Doctrinal.
260 ## - PUBLICACIÓN, DISTRIBUCIÓN, ETC.
Lugar de publicación, distribución, etc. Madrid :
Nombre del editor, distribuidor, etc. Dirección General de Enseñanza Laboral :
-- Patronato Nacional de Enseñanza Media y Profesional],
Fecha de publicación, distribución, etc. 1954.
300 ## - DESCRIPCIÓN FÍSICA
Extensión XXIII, 297 p. ;
Dimensiones 21 cm.
852 ## - LOCALIZACIÓN
Ubicación ES-MaACL
Número de control de estantería C-9981
Sublocalización o colección R.37594
Holdings
Estatus retirado Estado de pérdida Estado de daño No para préstamo Biblioteca de origen Biblioteca actual Ubicación en estantería Fecha de adquisición Fuente de adquisición Total de préstamos Signatura topográfica completa Código de barras Visto por última vez Precio de reemplazo Tipo de ítem Koha
        Biblioteca del Ateneo de Madrid Biblioteca del Ateneo de Madrid Sala Palomar 17/01/2008     C-9981 1094308 23/02/2023 23/02/2023 Libro impreso